| 000 | 00850cam a2200229 a 4500 | ||
|---|---|---|---|
| 001 | 3472499 | ||
| 005 | 20180312054915.0 | ||
| 008 | 940405s1994 caua 001 0 eng | ||
| 010 | _a 93086236 | ||
| 020 | _a0897212665 | ||
| 040 |
_aDLC _cDLC _dDLC |
||
| 041 | _aeng | ||
| 080 | _a712.6 SAR | ||
| 082 | 0 | 0 | _a712.6 SAR |
| 100 | 1 | _a9 | |
| 101 | _aMJE | ||
| 245 | 1 | 0 |
_aLandscaping decks, patios & balconies / _ccreated and designed by the editorial staff of Ortho Books ; project editor, Sara M. Shopkow ; writer, Sara Godwin ; illustrator, Lois Lovejoy ; designer, Gary Hespenheide. |
| 740 | 0 | _aLandscaping decks, patios, and balconies. | |
| 906 |
_a7 _bcbc _corignew _d2 _eopcn _f19 _gy-gencatlg |
||
| 942 |
_2ddc _cBK |
||
| 999 |
_c44697 _d44697 |
||